Biblioteca

El privilegio de ser mujer (Registro nro. 69182)

Detalles MARC
000 -LÍDER
Campo fijo de descripción fija 02279aam a2200577 i 4500
001 - NÚMERO DE CONTROL
Campo de control 768714001
003 - IDENTIFICADOR DEL NÚMERO DE CONTROL
Campo de control CO-MdFUSB
005 - FECHA Y HORA DE LA ULTIMA TRANSACCIÓN
control field 20231027062541.0
007 - CAMPO FIJO DE DESCRIPCIÓN FIJA--INFORMACIÓN GENERAL
Campo fijo de descripción fija ta
008 - ELEMENTOS DE LONGITUD FIJA -- INFORMACIÓN GENERAL
Campo fijo de descripción fija -- Información general 231018t20032003mx a||ag |||| 00| 0 spa d
020 ## - NÚMERO INTERNACIONAL NORMALIZADO PARA LIBROS
Número Internacional Normalizado del libro 9685484023
040 ## - FUENTE DE CATALOGACIÓN
Agencia de catalogación original CO-MdFUSB
Idioma de catalogación spa
Agencia que realiza la transcripción CO-MdFUSB
Agencia que realiza la modificación CO-MdFUSBC
Convenciones de la descripción rda
041 ## - CÓDIGO DE IDIOMA
Código de idioma para texto/pista de sonido o título separado spa
082 ## - NÚMERO DE CLASIFICACIÓN DECIMAL DEWEY
Número de la edición del Dewey 23
Número de clasificación 248.843
Clave de autor-Numero de item P961
245 #3 - TÍTULO
Título del Material El privilegio de ser mujer
Mención de responsabilidad, etc. / editado por Elisabeth F. de Isáis
264 #1 - PRODUCCIÓN, PUBLICACIÓN, DISTRIBUCIÓN, MANUFACTURA, Y COPYRIGHT
Lugar de producción, publicación, distribución, manufactura Coyoacán, México :
Nombre del productor, publicador, distribuidor Milamex,
Fecha de producción, publicación, distribución, manufactura, o copyright [2003]
264 #4 - PRODUCCIÓN, PUBLICACIÓN, DISTRIBUCIÓN, MANUFACTURA, Y COPYRIGHT
Fecha de producción, publicación, distribución, manufactura, o copyright ©2003
300 ## - DESCRIPCIÓN FÍSICA
Extensión 98 páginas
Dimensiones ; 21 cm
336 ## - TIPO DE CONTENIDO
Fuente rdacontent
Término de tipo de contenido texto
Código de tipo de contenido txt
337 ## - TIPO DE MEDIO
Fuente rdamedia
Nombre del tipo de medio sin mediación
Código del tipo de medio n
338 ## - TIPO DE SOPORTE
Fuente rdacarrier
Nombre del tipo de soporte volumen
Código Tipo de soporte nc
505 ## - NOTA DE CONTENIDO
Título La influencia de la mujer
Mención de responsabilidad / Raquel de Miranda
505 ## - NOTA DE CONTENIDO
Título Mujeres bajo tensión
Mención de responsabilidad / Daniel Gonzales Nájar
505 ## - NOTA DE CONTENIDO
Título Sanando las heridas del alma
Mención de responsabilidad / Olivia Corral García
505 ## - NOTA DE CONTENIDO
Título Relaciones destructivas
Mención de responsabilidad / Olivia Corral García
505 ## - NOTA DE CONTENIDO
Título Soltera y feliz
Mención de responsabilidad / Concepción Hernández Ruiz
505 ## - NOTA DE CONTENIDO
Título Como saber si el amor es verdadero
Mención de responsabilidad / Ruth Montes
505 ## - NOTA DE CONTENIDO
Título El arte de un hogar exitoso
Mención de responsabilidad / Gabriela Mendicuti de Tun
505 ## - NOTA DE CONTENIDO
Título Como mantener feliz a tu pareja
Mención de responsabilidad / Leticia Martínez de Ochoa
505 ## - NOTA DE CONTENIDO
Título Solo para esposas
Mención de responsabilidad / Sally Isáis
505 ## - NOTA DE CONTENIDO
Título Belleza interna y externa
Mención de responsabilidad / Verónica Macias Lavín
505 ## - NOTA DE CONTENIDO
Título Secretos vitales de la nutricion
Mención de responsabilidad / Raquel de Miranda
505 ## - NOTA DE CONTENIDO
Título Como aprovechar al máximo tu belleza natural
Mención de responsabilidad / Lydia de Alba
505 ## - NOTA DE CONTENIDO
Título La mujer y su dinero
Mención de responsabilidad / Cristina Hernández
563 ## - NOTA DE ENCUADERNACIÓN
Nota de encuadernación Rústico
650 #0 - ASIENTO SECUNDARIO DE MATERIA - TERMINO TEMÁTICO
9 (RLIN) 326
Término temático o nombre geográfico como elemento de entrada Mujeres
Subdivisión general Aspectos religiosos
-- Cristianismo
700 ## - ASIENTO SECUNDARIO - NOMBRE PERSONAL
9 (RLIN) 8731
Nombre personal De Miranda, Raquel,
Responsabilidad autor
700 ## - ASIENTO SECUNDARIO - NOMBRE PERSONAL
9 (RLIN) 7897
Nombre personal González, Daniel,
Responsabilidad autor
700 ## - ASIENTO SECUNDARIO - NOMBRE PERSONAL
9 (RLIN) 8732
Nombre personal Corral García, Olivia,
Responsabilidad autor
700 ## - ASIENTO SECUNDARIO - NOMBRE PERSONAL
9 (RLIN) 8733
Nombre personal Hernández Ruiz, Concepción,
Responsabilidad autor
700 ## - ASIENTO SECUNDARIO - NOMBRE PERSONAL
9 (RLIN) 8734
Nombre personal Montes, Ruth,
Responsabilidad autor
700 ## - ASIENTO SECUNDARIO - NOMBRE PERSONAL
9 (RLIN) 8735
Nombre personal Mendicuti de Tun, Gabriela,
Responsabilidad autor
700 ## - ASIENTO SECUNDARIO - NOMBRE PERSONAL
9 (RLIN) 8736
Nombre personal Martínez de Ochoa, Leticia,
Responsabilidad autor
700 ## - ASIENTO SECUNDARIO - NOMBRE PERSONAL
9 (RLIN) 8737
Nombre personal Isáis, Sally,
Responsabilidad autor
700 ## - ASIENTO SECUNDARIO - NOMBRE PERSONAL
9 (RLIN) 8738
Nombre personal Macias Lavín, Verónica,
Responsabilidad autor
700 ## - ASIENTO SECUNDARIO - NOMBRE PERSONAL
9 (RLIN) 8739
Nombre personal de Alba, Lydia,
Responsabilidad autor
700 ## - ASIENTO SECUNDARIO - NOMBRE PERSONAL
9 (RLIN) 8740
Nombre personal Hernández, Cristina,
Responsabilidad autor
700 ## - ASIENTO SECUNDARIO - NOMBRE PERSONAL
Nombre personal Isáis, Elisabeth F. de,
Responsabilidad editor
9 (RLIN) 7413
942 ## - TIPO DE MATERIAL (KOHA)
Tipo de Item KOHA Libros General
945 ## - INFORMACIÓN LOCAL DEL REGISTRO
Catalogador sor1564
Existencias
Estado de Material Estado de Perdido Forma de Clasificación Estado de Dañado No para Préstamo Colección Biblioteca de Origen Biblioteca Permanente Fecha de Adquisición Área Total de Préstamos Signatura Topográfica Código de Barras Última vez visto Última vez Préstado Ejemplar/Existencia Fecha de Remplazo Tipo de Material
    Dewey Decimal Classification     Colección General Biblioteca FUSBC Biblioteca FUSBC 18/10/2023 VIDA CRISTIANA 1 G 248.843 P961p 22447 11/10/2024 08/10/2024 Ej. 1 18/10/2023 Libros General

Biblioteca FUSBC | Teléfono: (57+4) 349 88 10 Ext. 141| WhatsApp (+57) 3005338115 
E-mail: biblioteca@unisbc.edu.co | Calle 76 87-14 Robledo Palenque, Medellín, Colombia

Con tecnología Koha